| 000 | 00711nam a22001817a 4500 | ||
|---|---|---|---|
| 003 | NUST-PNEC | ||
| 005 | 20170116180717.0 | ||
| 008 | 141021b xxu||||| |||| 00| 0 eng d | ||
| 020 | _a0851129455 | ||
| 040 | _cPNEC | ||
| 082 | _a246.5 FOL | ||
| 100 |
_9731 _aFoley John |
||
| 245 |
_aThe Guiness encyclopedia of signs and symbols _cJohn Foley |
||
| 260 |
_aEnfield Guiness _cc.1993. |
||
| 300 |
_a256 p. S _bgraph. Darst _c23 cm. |
||
| 500 | _ahttps://www.worldcat.org/title/guiness-encyclopedia-of-signs-and-symbols/oclc/830960035&referer=brief_results http://www.amazon.com/Guinness-Book-Signs-Symbols/dp/0851129455/ref=sr_1_1?s=books&ie=UTF8&qid=1413882658&sr=1-1&keywords=0851129455 | ||
| 942 |
_2ddc _cBK |
||
| 999 |
_c61208 _d61208 |
||